[Event "Bratislava Rintel Memorial"]
[Site "Bratislava"]
[Date "2018.08.31"]
[Round "5"]
[White "Janota, Frantisek"]
[Black "Skach, Lubomir"]
[Result "0-1"]
[WhiteElo "1000"]
[BlackElo "1000"]
[PlyCount "54"]
[EventDate "2018.08.29"]
[EventType "swiss"]
[EventRounds "7"]
[EventCountry "SVK"]
[SourceTitle "CBM 186 Extra"]
[Source "ChessBase"]
[SourceDate "2018.08.24"]
[SourceVersion "1"]
[SourceVersionDate "2018.08.24"]
[SourceQuality "1"]

1. b3 e5 2. Bb2 Nc6 3. Nf3 d6 4. e3 Be7 5. Bb5 Bd7 6. d4 e4 7. d5 exf3 8. Qxf3 Ne5 9. Bxe5 dxe5 10. Bd3 c6 11. e4 Nf6 12. c4 Qa5+ 13. Nd2 0-0 14. Rd1 Qxa2 15. 0-0 Qa5 16. Qg3 Bd6 17. Qh4 h6 18. f4 Qb6+ 19. Kh1 Qd4 20. Nf3 Qc3 21. fxe5 Bxe5 22. Nxe5 Qxe5 23. Rd2 Qc3 24. Rdd1 Bg4 25. e5 Bxd1 26. exf6 Qxd3 27. g4 Qxf1# 0-1

[Event "Bratislava Rintel Memorial"]
[Site "Bratislava"]
[Date "2018.08.30"]
[Round "4"]
[White "Skach, Lubomir"]
[Black "Koska, Jiri"]
[Result "0-1"]
[WhiteElo "1000"]
[BlackElo "1300"]
[PlyCount "54"]
[EventDate "2018.08.29"]
[EventType "swiss"]
[EventRounds "7"]
[EventCountry "SVK"]
[SourceTitle "CBM 186 Extra"]
[Source "ChessBase"]
[SourceDate "2018.08.24"]
[SourceVersion "1"]
[SourceVersionDate "2018.08.24"]
[SourceQuality "1"]

1. e4 e5 2. f4 exf4 3. Nf3 d5 4. e5 h6 5. h4 Be7 6. h5 Bg4 7. Be2 Bxf3 8. Bxf3 Nc6 9. d4 Bh4+ 10. Ke2 Bg3 11. Nc3 Nge7 12. Bg4 Rf8 13. Rf1 f5 14. Bxf4 fxg4 15. Bxg3 Rxf1 16. Qxf1 Nxd4+ 17. Kd3 Ndf5 18. Bh2 Qd7 19. Re1 0-0-0 20. e6 Qc6 21. Kd2 g3 22. Bg1 Rd6 23. Bd4 Qc4 24. Qf4 Qxd4+ 25. Qxd4 Nxd4 26. Kd3 Nxe6 27. Nb5 Rb6 0-1

[Event "Bratislava Rintel Memorial"]
[Site "Bratislava"]
[Date "2018.08.29"]
[Round "1"]
[White "Skach, Lubomir"]
[Black "Horvathova, Hana"]
[Result "1-0"]
[WhiteElo "1000"]
[BlackElo "1298"]
[PlyCount "101"]
[EventDate "2018.08.29"]
[EventType "swiss"]
[EventRounds "7"]
[EventCountry "SVK"]
[SourceTitle "CBM 186 Extra"]
[Source "ChessBase"]
[SourceDate "2018.08.24"]
[SourceVersion "1"]
[SourceVersionDate "2018.08.24"]
[SourceQuality "1"]

1. e4 e5 2. f4 d6 3. Nf3 Nc6 4. Bc4 Nf6 5. d3 exf4 6. Bxf4 h6 7. e5 dxe5 8. Bxe5 Bg4 9. Bxf6 Qxf6 10. Nc3 Bb4 11. Qe2+ Ne7 12. 0-0 0-0-0 13. h3 Bxf3 14. Rxf3 Qd4+ 15. Qf2 Qxf2+ 16. Kxf2 f6 17. Re1 Nc6 18. a3 Bxc3 19. bxc3 Ne5 20. Be6+ Kb8 21. Rfe3 Rhe8 22. Bf7 Rf8 23. Be6 a6 24. Re4 Rd6 25. Bb3 Rc6 26. d4 Nc4 27. d5 Nd2 28. Re8+ Rxe8 29. Rxe8+ Ka7 30. dxc6 bxc6 31. Re7 Kb6 32. Rxg7 Ne4+ 33. Kf3 Nxc3 34. Rg6 Nb1 35. Rxf6 Nxa3 36. Rxh6 Nb5 37. Kf4 Kc5 38. g4 Nd4 39. g5 Kb4 40. g6 Nxb3 41. cxb3 Kxb3 42. g7 c5 43. g8Q+ Kb4 44. Rxa6 c4 45. Qb8+ Kc3 46. Qxc7 Kb4 47. Qd6+ Kb3 48. Qd5 Kb4 49. Rc6 Ka3 50. Rb6 c3 51. Qa8# 1-0